Berkeley Castle Tales

محفوظ في:

المؤلف الرئيسي: Stuart J. Prior

التنسيق: كتاب

اللغة: Undetermined

الوصول للمادة أونلاين: Login to view Source

الوسوم: إضافة وسم

لا توجد وسوم, كن أول من يضع وسما على هذه التسجيلة!

رقم الطلب:

LEADER 00422nmm a2200133Ia 4500
008 240716s9999||||xx |||||||||||||||||und||
020 |a 9781803275680 
020 |a 9781803275697 
100 |a Stuart J. Prior 
245 1 0 |a Berkeley Castle Tales  |c Stuart J. Prior 
264 |b Archaeopress Archaeology  |c 24-أغسطس-23 
856 4 0 |u http://library.arce.org:8087/Archaeopress/Products/9781803275680 
942 |2 lcc  |c EBOOK 
999 |c 59022  |d 59022